[Event "Mindsports Masters FIDE 2nd"]
[Site "London"]
[Date "2023.02.16"]
[Round "2.3"]
[White "Sivanandan, Bodhana"]
[Black "Bharat Kumar, Balahari"]
[Result "1/2-1/2"]
[WhiteElo "1725"]
[BlackElo "1888"]
[PlyCount "128"]
[EventDate "2023.02.15"]
[EventType "tourn"]
[EventRounds "9"]
[EventCountry "ENG"]

1. e4 c5 2. Nc3 d6 3. f4 g6 4. Nf3 Bg7 5. Bb5+ Bd7 6. a4 e6 7. O-O Ne7 8. d3 a6
9. Bc4 Nbc6 10. Qe1 O-O 11. f5 gxf5 12. Qg3 fxe4 13. dxe4 Ng6 14. Bg5 f6 15.
Be3 Qe7 16. h4 Nge5 17. Nxe5 Nxe5 18. Be2 Kh8 19. h5 h6 20. Bf4 Rad8 21. Rad1
Rg8 22. Bxe5 fxe5 23. Qh3 Bf6 24. Rf3 Bg5 25. Rdf1 Rdf8 26. Rd1 Rxf3 27. Qxf3
Bc6 28. Bc4 Bf4 29. Ne2 Bg5 30. Nc3 Bf4 31. Ne2 Rf8 32. Qd3 b5 33. axb5 axb5
34. Ba2 c4 35. Qa3 Ra8 36. Nxf4 exf4 37. Qc3+ e5 38. Bxc4 bxc4 39. Qxc4 Be8 40.
Qd5 Rd8 41. c4 Bxh5 42. Rd2 Rg8 43. Qxd6 Qg5 44. Qd3 f3 45. c5 fxg2 46. b4 Qh4
47. Rxg2 Qe1+ 48. Kh2 Qh4+ 49. Kg1 Rd8 50. Qg3 Rd1+ 51. Kf2 Rd2+ 52. Ke3 Re2+
53. Kd3 Qd8+ 54. Kc4 Bf7+ 55. Kb5 Be8+ 56. Ka6 Qa8+ 57. Kb6 Qb8+ 58. Ka6 Qa8+
59. Kb6 Qb8+ 60. Ka6 Bb5+ 61. Ka5 Qa7+ 62. Kxb5 Qb7+ 63. Ka5 Qa7+ 64. Kb5 Qb7+
1/2-1/2

[Event "Mindsports Masters FIDE 2nd"]
[Site "London"]
[Date "2023.02.16"]
[Round "2.4"]
[White "Bathula, Abhinav Reddy"]
[Black "Keohane, Ben"]
[Result "1-0"]
[WhiteElo "1777"]
[BlackElo "1967"]
[PlyCount "81"]
[EventDate "2023.02.15"]
[EventType "tourn"]
[EventRounds "9"]
[EventCountry "ENG"]

1. e4 e6 2. d4 d5 3. Nd2 b6 4. Ngf3 Ne7 5. exd5 Nxd5 6. c4 Nf6 7. Bd3 Bb7 8.
Qa4+ Nbd7 9. O-O Bd6 10. b4 a5 11. b5 O-O 12. Qc2 h6 13. Bb2 Rc8 14. Ne4 Bb4
15. a3 Be7 16. Ne5 c5 17. bxc6 Bxc6 18. Nxc6 Rxc6 19. Qa4 Qc7 20. Rae1 Nxe4 21.
Rxe4 Nf6 22. Re3 Rd6 23. f4 Rfd8 24. f5 e5 25. Rfe1 Ng4 26. Re4 h5 27. h3 b5
28. Qc2 bxc4 29. hxg4 Rc6 30. Bf1 c3 31. Bc1 Rxd4 32. Rxd4 Bc5 33. Be3 exd4 34.
Bf2 Qf4 35. Re8+ Kh7 36. Bd3 hxg4 37. Re4 Qd2 38. Rxg4 Rb6 39. f6+ g6 40. Bxg6+
Kg8 41. Bh7+ 1-0

[Event "Mindsports Masters FIDE 2nd"]
[Site "London"]
[Date "2023.02.16"]
[Round "2.5"]
[White "Badacsonyi, Frankie"]
[Black "Taylor, William J"]
[Result "1/2-1/2"]
[WhiteElo "1977"]
[BlackElo "1946"]
[PlyCount "99"]
[EventDate "2023.02.15"]
[EventType "tourn"]
[EventRounds "9"]
[EventCountry "ENG"]

1. d4 d5 2. Nf3 Nf6 3. c4 e6 4. Nc3 a6 5. cxd5 exd5 6. Bg5 Be6 7. e3 Nbd7 8.
Bd3 Bd6 9. O-O c6 10. Qc2 Qc7 11. Bf5 h6 12. Bh4 O-O-O 13. Bg3 Rhe8 14. b4 Bxg3
15. hxg3 Bxf5 16. Qxf5 b5 17. Ne5 g6 18. Qh3 Rf8 19. Nxd7 Qxd7 20. Qxh6 Rh8 21.
Qf4 Nh5 22. Qf3 f5 23. Rfc1 Nf6 24. Kf1 g5 25. Ke1 Rh2 26. Kd2 g4 27. Qe2 Rxg2
28. Rh1 Qe6 29. Rac1 Kb8 30. Qf1 Ne4+ 31. Nxe4 Qxe4 32. Rxc6 Qf3 33. Ke1 Rxf2
34. Qxf2 Qxh1+ 35. Qf1 Qe4 36. Qf4+ Qxf4 37. gxf4 Re8 38. Kf2 g3+ 39. Kf3 Rg8
40. Rc2 Kb7 41. Kg2 Kb6 42. Rc1 a5 43. bxa5+ Kxa5 44. Rc5 Re8 45. Rc3 Rg8 46.
Rb3 Ka4 47. Rc3 b4 48. Rc2 Ka3 49. Rd2 Rg7 50. Rc2 1/2-1/2

[Event "Mindsports Masters FIDE 2nd"]
[Site "London"]
[Date "2023.02.16"]
[Round "3.1"]
[White "Taylor, William J"]
[Black "Badacsonyi, Stanley"]
[Result "1/2-1/2"]
[WhiteElo "1946"]
[BlackElo "1935"]
[PlyCount "69"]
[EventDate "2023.02.15"]
[EventType "tourn"]
[EventRounds "9"]
[EventCountry "ENG"]

1. e4 e6 2. d4 d5 3. Nd2 Nf6 4. e5 Nfd7 5. Bd3 c5 6. c3 Nc6 7. Ne2 cxd4 8. cxd4
f6 9. exf6 Nxf6 10. O-O Bd6 11. Nf3 O-O 12. Bf4 Bxf4 13. Nxf4 Ne4 14. Ne2 Rxf3
15. gxf3 Ng5 16. f4 Nh3+ 17. Kg2 Qh4 18. f3 Nxf4+ 19. Nxf4 Qxf4 20. Qc2 Nxd4
21. Qf2 e5 22. Rad1 h5 23. Qg3 Ne6 24. Rfe1 Qa4 25. Qxe5 Nf4+ 26. Kh1 Bh3 27.
Bf1 Bxf1 28. Rxf1 Rf8 29. Rg1 Qd7 30. Rg5 Nh3 31. Qxd5+ Qxd5 32. Rgxd5 Nf2+ 33.
Kg2 Nxd1 34. Rxd1 Rc8 35. Rd2 1/2-1/2

[Event "Mindsports Masters FIDE 2nd"]
[Site "London"]
[Date "2023.02.16"]
[Round "3.2"]
[White "Keohane, Ben"]
[Black "Badacsonyi, Frankie"]
[Result "0-1"]
[WhiteElo "1967"]
[BlackElo "1977"]
[PlyCount "86"]
[EventDate "2023.02.15"]
[EventType "tourn"]
[EventRounds "9"]
[EventCountry "ENG"]

1. e4 c6 2. b3 d5 3. Nc3 d4 4. Nce2 c5 5. Ng3 Nc6 6. f4 e5 7. d3 exf4 8. Bxf4
Bd6 9. Qd2 Bxf4 10. Qxf4 Qa5+ 11. Kf2 Nge7 12. Nf3 O-O 13. Qd2 Qxd2+ 14. Nxd2
f5 15. Ke1 Nb4 16. Kd1 fxe4 17. dxe4 Bg4+ 18. Kc1 Rf2 19. a3 Nbc6 20. h3 Be6
21. Nf3 d3 22. Bxd3 Rxg2 23. Nf5 Nxf5 24. exf5 Bd5 25. Rf1 Rg3 26. Ng1 Nd4 27.
Kd2 Re8 28. f6 gxf6 29. Rxf6 Bxb3 30. Rf2 Bd5 31. Rf4 Re7 32. Raf1 Kg7 33. Rh4
h6 34. Rh5 Rg5 35. Rxg5+ hxg5 36. c4 Be6 37. Rf2 Rf7 38. Rg2 Kh6 39. Rg3 Rf2+
40. Kc3 Ra2 41. Nf3 Rxa3+ 42. Kd2 Nxf3+ 43. Rxf3 Bxc4 0-1

[Event "Mindsports Masters FIDE 2nd"]
[Site "London"]
[Date "2023.02.16"]
[Round "3.3"]
[White "Bharat Kumar, Balahari"]
[Black "Bathula, Abhinav Reddy"]
[Result "0-1"]
[WhiteElo "1888"]
[BlackElo "1777"]
[PlyCount "96"]
[EventDate "2023.02.15"]
[EventType "tourn"]
[EventRounds "9"]
[EventCountry "ENG"]

1. d4 Nf6 2. c4 g6 3. Nc3 Bg7 4. Nf3 O-O 5. g3 d6 6. Bg2 Nc6 7. O-O a6 8. b3
Rb8 9. d5 Ne5 10. Be3 c5 11. dxc6 Nxc6 12. h3 Qa5 13. Rc1 Qh5 14. g4 Qa5 15.
Qd2 h5 16. g5 Nd7 17. Nd5 Qd8 18. Rfd1 Nc5 19. Bxc5 dxc5 20. Qe1 Bd7 21. Rd3
Kh8 22. Rcd1 Be6 23. Nf6 Qc7 24. Nd7 Nb4 25. Nxf8 Rxf8 26. R3d2 Bc3 27. Rd7
Bxd7 28. Qxc3+ Kg8 29. Qe5 Qc8 30. Qxe7 Bxh3 31. Bxh3 Qxh3 32. Qxc5 Qg4+ 33.
Kh1 Nc6 34. Qe3 Qh3+ 35. Kg1 Qg4+ 36. Kh1 Qf5 37. Qd3 Qh3+ 38. Kg1 Rd8 39. Qc2
Re8 40. Qd3 Qg4+ 41. Kf1 h4 42. Qd7 Re6 43. Rd6 Qh3+ 44. Kg1 Qg4+ 45. Kf1 Re4
46. Qxg4 Rxg4 47. Rd3 Kf8 48. Re3 a5 0-1

[Event "Mindsports Masters FIDE 2nd"]
[Site "London"]
[Date "2023.02.16"]
[Round "3.4"]
[White "Watson, Jacob"]
[Black "Sivanandan, Bodhana"]
[Result "0-1"]
[WhiteElo "1889"]
[BlackElo "1725"]
[PlyCount "158"]
[EventDate "2023.02.15"]
[EventType "tourn"]
[EventRounds "9"]
[EventCountry "ENG"]

1. d4 d5 2. Nf3 Nf6 3. Bf4 Bf5 4. e3 e6 5. Bd3 Bxd3 6. Qxd3 Nbd7 7. Nbd2 c6 8.
h3 Be7 9. O-O O-O 10. c4 c5 11. Rfd1 cxd4 12. exd4 dxc4 13. Nxc4 Nd5 14. Bg3
N7b6 15. Rac1 Nxc4 16. Qxc4 Qb6 17. Ne5 Rfd8 18. Qe2 Rac8 19. Qf3 f6 20. Nc4
Qa6 21. Qb3 b5 22. Ne3 Nxe3 23. fxe3 Rc4 24. Rxc4 bxc4 25. Qc3 e5 26. Rc1 exd4
27. exd4 Qxa2 28. Qxc4+ Qxc4 29. Rxc4 Rd7 30. Kf1 Kf7 31. Ke2 Rb7 32. Rc2 Ke6
33. Be1 Kd5 34. Bc3 Ke4 35. Kf2 Bb4 36. Re2+ Kd3 37. Rd2+ Kc4 38. Bxb4 Kxb4 39.
Ke3 Kc4 40. Rc2+ Kd5 41. Rc5+ Kd6 42. Rc2 a5 43. Ke4 g6 44. g4 Rb5 45. Rf2 Ke6
46. h4 f5+ 47. gxf5+ gxf5+ 48. Kd3 Rb4 49. Kc3 h6 50. b3 Rb7 51. Ra2 Rb5 52.
Rg2 Kf6 53. h5 f4 54. Rg6+ Kf7 55. Rg4 Rf5 56. Kd3 f3 57. Rg1 Rxh5 58. Rf1 Rf5
59. Ke3 Ke6 60. Ke4 Rf6 61. Rf2 h5 62. d5+ Kd6 63. Ke3 Kxd5 64. Rd2+ Kc5 65.
Kf2 Kb4 66. Rd5 h4 67. Rh5 Rf4 68. Re5 h3 69. Rh5 h2 70. Rxh2 Kxb3 71. Rh1 a4
72. Ke3 Rf6 73. Rb1+ Kc3 74. Kf2 a3 75. Rb8 Rf4 76. Ra8 Kb3 77. Rd8 a2 78. Ra8
Ra4 79. Rb8+ Rb4 0-1

[Event "Mindsports Masters FIDE 2nd"]
[Site "London"]
[Date "2023.02.16"]
[Round "3.5"]
[White "Kumar, Soham"]
[Black "Brixel, Christof"]
[Result "1-0"]
[WhiteElo "1850"]
[BlackElo "1916"]
[PlyCount "101"]
[EventDate "2023.02.15"]
[EventType "tourn"]
[EventRounds "9"]
[EventCountry "ENG"]

1. e4 c6 2. d4 d5 3. e5 c5 4. dxc5 e6 5. Nf3 Bxc5 6. a3 f6 7. b4 Be7 8. Bb2 Nc6
9. Bb5 Qb6 10. Qe2 Bd7 11. Bxc6 bxc6 12. exf6 Nxf6 13. Ne5 c5 14. Nxd7 Kxd7 15.
O-O cxb4 16. axb4 a5 17. b5 Rhc8 18. Nc3 Rc4 19. Rad1 Rac8 20. Rd3 Bb4 21. Qf3
Rf8 22. Qh3 Bxc3 23. Bxc3 Qxb5 24. Bxf6 Rxf6 25. Qxh7 Rf7 26. Rg3 Qb2 27. Rb3
Qf6 28. Qd3 a4 29. Rb5 Kc6 30. Rbb1 Qf5 31. Qe3 d4 32. Qe2 Qd5 33. Rfe1 e5 34.
Qg4 Rd7 35. Qg6+ Qd6 36. Qd3 Qd5 37. Rxe5 Qxe5 38. Qxc4+ Qc5 39. Qxa4+ Kd6 40.
Qa6+ Ke7 41. Re1+ Kd8 42. Qa8+ Kc7 43. Qe4 Rd6 44. Qe7+ Kc6 45. Rb1 Rd7 46.
Qxc5+ Kxc5 47. Kf1 Re7 48. Re1 Ra7 49. Ke2 Kc4 50. Kd2 Ra2 51. h4 1-0

[Event "Mindsports Masters FIDE 2nd"]
[Site "London"]
[Date "2023.02.17"]
[Round "4.1"]
[White "Badacsonyi, Stanley"]
[Black "Brixel, Christof"]
[Result "1/2-1/2"]
[WhiteElo "1935"]
[BlackElo "1916"]
[PlyCount "68"]
[EventDate "2023.02.15"]
[EventType "tourn"]
[EventRounds "9"]
[EventCountry "ENG"]

1. d4 Nf6 2. Nc3 d5 3. Bf4 c5 4. e4 cxd4 5. Qxd4 Nc6 6. Bb5 Bd7 7. Bxc6 Bxc6 8.
e5 Nd7 9. e6 fxe6 10. Nf3 Qb6 11. Qxb6 Nxb6 12. O-O-O g6 13. Rhe1 Bd7 14. Ng5
Bg7 15. Nxe6 Bxe6 16. Rxe6 Kf7 17. Rde1 Bf6 18. R6e2 Rad8 19. Be5 Rd7 20. Bxf6
exf6 21. Nb5 Nc8 22. c3 a6 23. Nd4 Re7 24. Kc2 Rhe8 25. Kd3 Rxe2 26. Rxe2 Rxe2
27. Nxe2 Ke6 28. Kd4 Kd6 29. h4 Ne7 30. Ng3 Nc6+ 31. Ke3 Ne5 32. b3 Ng4+ 33.
Kf3 Ne5+ 34. Ke3 Ng4+ 1/2-1/2

[Event "Mindsports Masters FIDE 2nd"]
[Site "London"]
[Date "2023.02.17"]
[Round "4.2"]
[White "Sivanandan, Bodhana"]
[Black "Kumar, Soham"]
[Result "0-1"]
[WhiteElo "1725"]
[BlackElo "1850"]
[PlyCount "134"]
[EventDate "2023.02.15"]
[EventType "tourn"]
[EventRounds "9"]
[EventCountry "ENG"]

1. e4 c5 2. Nc3 Nc6 3. f4 g6 4. Nf3 Bg7 5. a4 Nd4 6. Bc4 d6 7. d3 Bg4 8. Bb5+
Nxb5 9. Nxb5 a6 10. Nc3 e6 11. h3 Bxf3 12. Qxf3 Ne7 13. O-O O-O 14. Ne2 d5 15.
Ng3 f5 16. e5 Nc6 17. Qf2 b6 18. Bd2 Re8 19. a5 Bf8 20. axb6 Qxb6 21. b3 Nd4
22. Bc3 Nb5 23. Bd2 Qc6 24. c4 Nd4 25. Rfb1 Reb8 26. Ra3 Be7 27. Ne2 dxc4 28.
dxc4 Qe4 29. Nc3 Qd3 30. Rb2 Nc2 31. Raa2 Nb4 32. Ra1 Qd7 33. Be3 Nd3 34. Rd1
Rd8 35. Qf3 Rab8 36. Rbb1 Qc7 37. Bf2 Nxf2 38. Kxf2 Rxd1 39. Qxd1 Rd8 40. Qc2
Rd4 41. Ne2 Rd7 42. Rd1 Rxd1 43. Qxd1 g5 44. g3 gxf4 45. gxf4 Bh4+ 46. Ke3 Qb7
47. Qd3 Kf7 48. Kd2 Qh1 49. Qd7+ Be7 50. Qd3 Qg2 51. Qg3 Qf1 52. Ke3 Qb1 53.
Kf2 Qc2 54. Qc3 Bh4+ 55. Ke3 Qd1 56. Qd3 Bf2+ 57. Kxf2 Qxd3 58. h4 Qxb3 59. Ng3
a5 60. h5 a4 61. Ne2 a3 62. Ng3 a2 63. Ne2 a1=Q 64. Ng3 Qaa2+ 65. Ne2 Qd3 66.
Kg2 Qaxe2+ 67. Kg1 Qdd1# 0-1

[Event "Mindsports Masters FIDE 2nd"]
[Site "London"]
[Date "2023.02.17"]
[Round "4.3"]
[White "Bathula, Abhinav Reddy"]
[Black "Watson, Jacob"]
[Result "1-0"]
[WhiteElo "1777"]
[BlackElo "1889"]
[PlyCount "69"]
[EventDate "2023.02.15"]
[EventType "tourn"]
[EventRounds "9"]
[EventCountry "ENG"]

1. Nf3 Nf6 2. g3 c5 3. Bg2 e6 4. O-O d5 5. d3 Nc6 6. Nbd2 Be7 7. e4 O-O 8. Re1
b5 9. e5 Nd7 10. Nf1 Bb7 11. h4 Qb6 12. h5 Rae8 13. h6 g6 14. N1h2 f6 15. exf6
Bxf6 16. Ng4 Bh8 17. c3 Ne7 18. a4 Nf5 19. a5 Qc7 20. d4 cxd4 21. cxd4 Qc4 22.
b3 Qc3 23. Bd2 Qb2 24. Rb1 Qa3 25. Bc3 Qd6 26. Qd2 Nf6 27. Bb4 Qd8 28. Nxf6+
Rxf6 29. Rbc1 Nd6 30. Ng5 Ne4 31. Nxe4 dxe4 32. Bxe4 Bxe4 33. Rxe4 Rf5 34. Qe3
Qf6 35. Rxe6 1-0

[Event "Mindsports Masters FIDE 2nd"]
[Site "London"]
[Date "2023.02.17"]
[Round "4.4"]
[White "Badacsonyi, Frankie"]
[Black "Bharat Kumar, Balahari"]
[Result "1-0"]
[WhiteElo "1977"]
[BlackElo "1888"]
[PlyCount "185"]
[EventDate "2023.02.15"]
[EventType "tourn"]
[EventRounds "9"]
[EventCountry "ENG"]

1. d4 d5 2. c4 e6 3. Nc3 Nf6 4. cxd5 exd5 5. Bg5 Be7 6. e3 c6 7. Bd3 O-O 8. Qc2
Nbd7 9. Nf3 Re8 10. O-O Nf8 11. h3 Be6 12. Ne5 Nh5 13. Bxe7 Qxe7 14. Rab1 a5
15. a3 g6 16. b4 axb4 17. axb4 Ra3 18. Rb3 Ra7 19. Ne2 f6 20. Nf3 Nd7 21. Rc1
Rc8 22. b5 c5 23. dxc5 Rxc5 24. Rc3 Rxc3 25. Qxc3 Ra3 26. Qd2 Ne5 27. Ne1 Nc4
28. Qc2 f5 29. Nf3 Nd6 30. Nfd4 Bf7 31. Nc3 Nf6 32. Qb2 Ra8 33. Qb4 Nfe4 34.
Bxe4 dxe4 35. Nce2 Rc8 36. Rxc8+ Nxc8 37. Qc3 Nd6 38. Qc5 Qf6 39. Kh2 Nc4 40.
g3 h5 41. Kg2 Nd6 42. Nf4 Kh7 43. h4 Qe7 44. Nh3 Kg8 45. Ng5 Kf8 46. Nh3 Nc4
47. Qc8+ Kg7 48. Nf4 Nd6 49. Qc5 Kf8 50. Qa3 Nc8 51. Qa8 Qd7 52. Qb8 Kg8 53.
Qa8 Kh7 54. Nh3 Kg8 55. Ng5 Kf8 56. Qa1 Kg8 57. Qc3 Nb6 58. Nh3 Nd5 59. Qc5 Qc7
60. Qa3 Nb6 61. Nf4 Qd7 62. Qc1 Nc4 63. Nxg6 Nxe3+ 64. Qxe3 Bxg6 65. b6 Kh7 66.
Ne2 Qd3 67. Nd4 Qxe3 68. fxe3 Kg8 69. Nb5 Be8 70. Nd6 Bc6 71. Nxf5 Kf7 72. Nd4
Bd5 73. g4 hxg4 74. Kg3 Ke7 75. Kxg4 Kd6 76. h5 Ke7 77. Kf5 Bf7 78. h6 Bg8 79.
Kg6 Kf8 80. h7 Bxh7+ 81. Kxh7 Ke7 82. Kg6 Kd6 83. Kf5 Kc5 84. Kxe4 Kxb6 85. Kd5
Kc7 86. Kc5 Kd7 87. Kb6 Kd6 88. Kxb7 Kd5 89. Nc2 Ke4 90. Kc6 Ke5 91. Kc5 Ke4
92. Kc4 Ke5 93. Kd3 1-0

[Event "Mindsports Masters FIDE 2nd"]
[Site "London"]
[Date "2023.02.17"]
[Round "4.5"]
[White "Taylor, William J"]
[Black "Keohane, Ben"]
[Result "1-0"]
[WhiteElo "1946"]
[BlackElo "1967"]
[PlyCount "110"]
[EventDate "2023.02.15"]
[EventType "tourn"]
[EventRounds "9"]
[EventCountry "ENG"]

1. e4 Nf6 2. e5 Nd5 3. d4 d6 4. c4 Nb6 5. exd6 cxd6 6. Nf3 g6 7. h3 Bg7 8. Be2
Nc6 9. Nc3 O-O 10. O-O e5 11. Bg5 Qe8 12. Ne4 Nxd4 13. Nxd6 Qe6 14. Nxd4 exd4
15. Nb5 Bd7 16. Nc7 Qe5 17. Nxa8 Qxg5 18. Nxb6 axb6 19. Qb3 Re8 20. Rfe1 Be5
21. Bf1 h5 22. Rad1 Qf6 23. Qd3 Bf5 24. Rxe5 Qxe5 25. Qxd4 Qxd4 26. Rxd4 Re1
27. g4 hxg4 28. hxg4 Be4 29. f4 f5 30. gxf5 gxf5 31. Kf2 Ra1 32. a3 Rb1 33. Rd2
Rc1 34. Be2 Rh1 35. Ke3 Rh4 36. Bd3 Rh3+ 37. Kd4 Rf3 38. Bxe4 Rxf4 39. Re2 fxe4
40. Rxe4 Rf2 41. b3 Kf7 42. Re3 Rd2+ 43. Kc3 Rd6 44. Kb4 Rf6 45. Kb5 Kf8 46. b4
Kf7 47. a4 Kf8 48. Re5 Rc6 49. Rh5 Kg7 50. Rd5 Rc7 51. Rd4 Re7 52. Kxb6 Kf8 53.
Rd8+ Kf7 54. Rc8 Ke6 55. Rc7 Re8 1-0

[Event "Mindsports Masters FIDE 2nd"]
[Site "London"]
[Date "2023.02.17"]
[Round "5.1"]
[White "Keohane, Ben"]
[Black "Badacsonyi, Stanley"]
[Result "1/2-1/2"]
[WhiteElo "1967"]
[BlackElo "1935"]
[PlyCount "77"]
[EventDate "2023.02.15"]
[EventType "tourn"]
[EventRounds "9"]
[EventCountry "ENG"]

1. e4 e5 2. f4 d5 3. exd5 exf4 4. Nf3 Nf6 5. Be2 Nxd5 6. O-O Nc6 7. c4 Nf6 8.
d4 Bg4 9. Kh1 Bd6 10. Nc3 O-O 11. a3 Re8 12. b4 Ne4 13. Nxe4 Rxe4 14. Bb2 Qf6
15. Qc2 Re3 16. c5 Bf8 17. d5 Qg6 18. Qxg6 hxg6 19. Bb5 Ne7 20. Bc4 Nf5 21. Ne5
Be2 22. Rxf4 Bxc4 23. Nxc4 Re2 24. g4 Ne3 25. Re4 Rc2 26. Nxe3 Rxb2 27. Nc4 Rc2
28. d6 cxd6 29. cxd6 Rd8 30. Rd1 f5 31. Red4 Kf7 32. d7 Be7 33. Ne3 Re2 34. Nc4
Rh8 35. d8=Q Rhxh2+ 36. Kg1 Rhg2+ 37. Kh1 Rh2+ 38. Kg1 Rhg2+ 39. Kh1 1/2-1/2

[Event "Mindsports Masters FIDE 2nd"]
[Site "London"]
[Date "2023.02.17"]
[Round "5.2"]
[White "Bharat Kumar, Balahari"]
[Black "Taylor, William J"]
[Result "1/2-1/2"]
[WhiteElo "1888"]
[BlackElo "1946"]
[PlyCount "66"]
[EventDate "2023.02.15"]
[EventType "tourn"]
[EventRounds "9"]
[EventCountry "ENG"]

1. d4 d5 2. c4 e6 3. Nc3 Nf6 4. Bg5 dxc4 5. e3 c5 6. Bxc4 cxd4 7. exd4 Be7 8.
Nf3 Nc6 9. O-O O-O 10. a3 a6 11. Re1 b5 12. Bb3 Bb7 13. Qd3 b4 14. Bc2 g6 15.
Na4 Rc8 16. Bh6 Re8 17. Rad1 Na5 18. axb4 Bxb4 19. Bd2 Bxd2 20. Nxd2 Qd5 21. f3
Qb5 22. Qxb5 axb5 23. Nc5 Bd5 24. Nde4 Nxe4 25. fxe4 Bc6 26. Bb1 Red8 27. Na6
Bb7 28. Nc5 Bc6 29. Na6 Nb3 30. d5 exd5 31. Nb4 d4 32. Nxc6 Rxc6 33. Ba2 Nc5
1/2-1/2

[Event "Mindsports Masters FIDE 2nd"]
[Site "London"]
[Date "2023.02.17"]
[Round "5.3"]
[White "Watson, Jacob"]
[Black "Badacsonyi, Frankie"]
[Result "0-1"]
[WhiteElo "1889"]
[BlackElo "1977"]
[PlyCount "114"]
[EventDate "2023.02.15"]
[EventType "tourn"]
[EventRounds "9"]
[EventCountry "ENG"]

1. e4 e6 2. d4 d5 3. exd5 exd5 4. c4 Bb4+ 5. Nc3 Nf6 6. Bd3 dxc4 7. Bxc4 O-O 8.
Nge2 h6 9. O-O c6 10. Bf4 Bf5 11. a3 Bd6 12. Re1 Bxf4 13. Nxf4 Qd6 14. Qd2 Nbd7
15. Rad1 Nb6 16. Ba2 Rfe8 17. Nfe2 Rad8 18. Ng3 Bg6 19. f3 Rxe1+ 20. Qxe1 Nbd5
21. Nge4 Nxe4 22. fxe4 Nxc3 23. bxc3 Qxa3 24. Bc4 Qe7 25. e5 Kh7 26. Ra1 Ra8
27. Qf2 b5 28. Bb3 a5 29. Qf3 Qd7 30. Rd1 a4 31. Ba2 Rb8 32. h4 h5 33. Qf4 Rb7
34. d5 cxd5 35. Rxd5 Qf5 36. Qe3 Qc2 37. Rd2 Qc1+ 38. Kf2 b4 39. cxb4 Rxb4 40.
Bd5 Rb2 41. Rxb2 Qxb2+ 42. Kg3 Qb4 43. Qf4 Qxf4+ 44. Kxf4 Bc2 45. Bxf7 Bb3 46.
e6 a3 47. Kg5 a2 48. Bg6+ Kh8 49. e7 Ba4 50. e8=Q+ Bxe8 51. Bxe8 a1=Q 52. Bxh5
Qe5+ 53. Kg4 Qe2+ 54. Kg5 Qxg2+ 55. Bg4 Kh7 56. h5 Qd2+ 57. Kh4 Kh6 0-1

[Event "Mindsports Masters FIDE 2nd"]
[Site "London"]
[Date "2023.02.17"]
[Round "5.4"]
[White "Kumar, Soham"]
[Black "Bathula, Abhinav Reddy"]
[Result "1-0"]
[WhiteElo "1850"]
[BlackElo "1777"]
[PlyCount "115"]
[EventDate "2023.02.15"]
[EventType "tourn"]
[EventRounds "9"]
[EventCountry "ENG"]

1. e4 c5 2. Nf3 d6 3. Bb5+ Nd7 4. c3 Ngf6 5. Qe2 a6 6. Ba4 b5 7. Bc2 Bb7 8. d4
e6 9. O-O Qc7 10. Rd1 Be7 11. h3 O-O 12. Bd3 Rfd8 13. Nbd2 Nf8 14. Nf1 c4 15.
Bc2 a5 16. Bd2 Ba6 17. Rac1 Qb7 18. Qe1 Rab8 19. a3 h6 20. Ng3 d5 21. e5 N6h7
22. Nh2 b4 23. axb4 axb4 24. f4 bxc3 25. bxc3 f5 26. exf6 Bxf6 27. f5 Re8 28.
Qf2 Qf7 29. fxe6 Rxe6 30. Rf1 Rb2 31. Ng4 Qe8 32. Be3 Kh8 33. Qf3 Bc8 34. Nf5
h5 35. Nf2 g6 36. Nd1 Rxc2 37. Rxc2 gxf5 38. Bf4 Qc6 39. Qxh5 Bg7 40. Ne3 Rxe3
41. Bxe3 Kg8 42. Bg5 Be6 43. Re2 Bf7 44. Qh4 Qg6 45. Bf4 Ne6 46. Be5 Bh6 47.
Qg3 Nhg5 48. Ra2 Kh7 49. Ra8 Bg8 50. Rfa1 Qh5 51. R1a7+ Bf7 52. Rh8+ Kg6 53. h4
f4 54. Qe1 Ne4 55. Ra6 Kf5 56. Bg7 Nxg7 57. Rhxh6 Qg4 58. Raf6+ 1-0

[Event "Mindsports Masters FIDE 2nd"]
[Site "London"]
[Date "2023.02.17"]
[Round "5.5"]
[White "Brixel, Christof"]
[Black "Sivanandan, Bodhana"]
[Result "1-0"]
[WhiteElo "1916"]
[BlackElo "1725"]
[PlyCount "149"]
[EventDate "2023.02.15"]
[EventType "tourn"]
[EventRounds "9"]
[EventCountry "ENG"]

1. e4 c6 2. d4 d5 3. exd5 cxd5 4. c4 Nf6 5. Nc3 g6 6. cxd5 Bg7 7. Qb3 O-O 8.
Be2 Nbd7 9. Bf3 Nb6 10. Nge2 Bf5 11. Bf4 Bd3 12. d6 exd6 13. O-O Bc4 14. Qc2
Bd5 15. Nxd5 Nfxd5 16. Bd2 Qd7 17. Qb3 Nc7 18. Rac1 Ne6 19. Ba5 Nxd4 20. Nxd4
Bxd4 21. Rfd1 Be5 22. Bxb6 axb6 23. Qxb6 Rxa2 24. b3 Rc8 25. Qxb7 Qxb7 26. Bxb7
Rxc1 27. Rxc1 Bd4 28. Rf1 Bc5 29. g4 Rb2 30. Bd5 Rd2 31. Bf3 d5 32. Kg2 g5 33.
Kg3 Bd6+ 34. Kg2 Bf4 35. Rd1 d4 36. Rxd2 Bxd2 37. Be4 h6 38. Kf3 Kg7 39. Bf5
Kf6 40. Ke4 Bc3 41. Kd5 Ke7 42. Kc5 Kd8 43. b4 Kc7 44. b5 f6 45. Bd3 Ba5 46.
Kd5 Be1 47. f3 Bd2 48. Kxd4 Kd6 49. Ke4 Bf4 50. h3 Kc5 51. h4 Bd6 52. h5 Kb6
53. Kf5 Kc5 54. Kxf6 Kd4 55. Be4 Kc5 56. Bc6 Bf8 57. Kf7 Bd6 58. Kg7 Bf4 59.
Kxh6 Kb6 60. Kg7 Kc5 61. h6 Kb6 62. h7 Kc5 63. h8=Q Be5+ 64. Kg8 Bxh8 65. Kxh8
Kd4 66. b6 Kc5 67. b7 Kxc6 68. b8=Q Kd7 69. f4 gxf4 70. Qxf4 Ke8 71. g5 Kd8 72.
g6 Ke8 73. g7 Kd8 74. Qf7 Kc8 75. g8=Q# 1-0

[Event "Mindsports Masters FIDE 2nd"]
[Site "London"]
[Date "2023.02.18"]
[Round "6.1"]
[White "Badacsonyi, Stanley"]
[Black "Sivanandan, Bodhana"]
[Result "1-0"]
[WhiteElo "1935"]
[BlackElo "1725"]
[PlyCount "101"]
[EventDate "2023.02.15"]
[EventType "tourn"]
[EventRounds "9"]
[EventCountry "ENG"]

1. d4 d5 2. Nc3 Nf6 3. Bf4 e6 4. Nb5 Na6 5. e3 Be7 6. Nf3 O-O 7. Be2 c6 8. Nc3
c5 9. Ne5 cxd4 10. exd4 Bd7 11. a3 Be8 12. O-O Nd7 13. Bxa6 Nxe5 14. Bxb7 Rb8
15. Ba6 Rb6 16. Be2 Ng6 17. Bc1 Qc7 18. Bd3 Nf4 19. Bxf4 Qxf4 20. Ne2 Qf6 21.
b3 Bb5 22. Bxb5 Rxb5 23. c4 dxc4 24. bxc4 Rb2 25. c5 e5 26. Nc3 exd4 27. Nd5
Qe5 28. Nxe7+ Qxe7 29. Qxd4 Re2 30. Rac1 Rd8 31. Qg4 g6 32. c6 Re4 33. Qf3 Qe6
34. h3 Rc8 35. Qc3 Rc7 36. Rfd1 Qe7 37. Rd5 f6 38. Rcd1 Rc8 39. Rd7 Qe6 40. c7
Qf5 41. Qb3+ Re6 42. Rd8+ Kg7 43. Rxc8 Re2 44. Rg8+ Kh6 45. Qg3 g5 46. c8=Q
Qxc8 47. Rxc8 Re6 48. h4 gxh4 49. Qxh4+ Kg6 50. Rg8+ Kf7 51. Qxh7# 1-0

[Event "Mindsports Masters FIDE 2nd"]
[Site "London"]
[Date "2023.02.18"]
[Round "6.2"]
[White "Bathula, Abhinav Reddy"]
[Black "Brixel, Christof"]
[Result "1-0"]
[WhiteElo "1777"]
[BlackElo "1916"]
[PlyCount "75"]
[EventDate "2023.02.15"]
[EventType "tourn"]
[EventRounds "9"]
[EventCountry "ENG"]

1. e4 c6 2. d4 d5 3. e5 c5 4. dxc5 e6 5. a3 Bxc5 6. Qg4 Ne7 7. Nf3 Nbc6 8. Bd3
Qc7 9. Qxg7 Rg8 10. Qf6 Ng6 11. Bxg6 hxg6 12. Nc3 Nd4 13. O-O Nxf3+ 14. Qxf3
Bd7 15. Re1 g5 16. Qg4 Qb6 17. Nd1 O-O-O 18. b4 Be7 19. Be3 Qa6 20. Bd4 Rg6 21.
Nb2 Rh8 22. Qd1 g4 23. Be3 f5 24. exf6 Bxf6 25. Bd4 Qd6 26. Bxf6 Qxh2+ 27. Kf1
Rxf6 28. Qd4 Rhf8 29. Nd3 g3 30. Qc5+ Kb8 31. f4 e5 32. Nxe5 Qh1+ 33. Ke2 Qxg2+
34. Kd1 Ba4 35. b5 Rxf4 36. Nd7+ Ka8 37. Nxf8 Re4 38. Kc1 1-0

[Event "Mindsports Masters FIDE 2nd"]
[Site "London"]
[Date "2023.02.18"]
[Round "6.3"]
[White "Badacsonyi, Frankie"]
[Black "Kumar, Soham"]
[Result "1-0"]
[WhiteElo "1977"]
[BlackElo "1850"]
[PlyCount "63"]
[EventDate "2023.02.15"]
[EventType "tourn"]
[EventRounds "9"]
[EventCountry "ENG"]

1. d4 Nf6 2. Nf3 g6 3. g3 Bg7 4. Bg2 O-O 5. O-O d6 6. c4 Nbd7 7. Nc3 c5 8. b3
a6 9. Bb2 Rb8 10. a4 cxd4 11. Nxd4 Nc5 12. b4 Qb6 13. bxc5 Qxb2 14. Qd3 Qb4 15.
c6 e5 16. Rfb1 Qa5 17. Nc2 e4 18. Qxd6 Bf5 19. Rxb7 Rbc8 20. Nb4 Rfd8 21. Qf4
Ne8 22. Qc1 Nd6 23. Ncd5 Nxb7 24. cxb7 Rc7 25. Nc6 Rxc6 26. Ne7+ Kh8 27. Nxc6
Qb6 28. Nxd8 Qxd8 29. Qf4 Bxa1 30. b8=Q Bc8 31. Qfc7 Qd1+ 32. Bf1 1-0